banner-ar

الملاعب والقرى الاولمبية تخطيط وتصميم معمارت وانشاء / (Record no. 58809)

MARC details
000 -الفاتح
حقل البيانات ثابتة الطول 00893nam a2200265Ia 4500
008 - عناصر البيانات ثابتة الطول - معلومات عامة
حقل البيانات ثابتة الطول 140319s9999 xx 000 0 ara d
040 ## - مصدر الفهرسة
وكالة الفهرسة الأصلية GCL /
وكالة النسخ GCL
082 04 - رقم تصنيف ديوى العشرى
رقم التصنيف 721
رقم المادة ن م
100 1# - المدخل الرئيسى - إسم شخصى
الإسم الشخصى نبيل حسن
245 10 - بيان العنوان
العنوان الملاعب والقرى الاولمبية تخطيط وتصميم معمارت وانشاء /
بيان المسئوليه,etc نبيل حسن
300 ## - الوصف المادى
التعداد 225 ص
490 ## - بيان السلسلة
عنوان السلسلة الموسوعة المعمارية
رقم المجلد/ التعيين التسلسلي 0
650 04 - المدخل الاضافى بالموضوع-مصطلح موضوعى
مصطلح موضوعي التصميم الانشائى
650 04 - المدخل الاضافى بالموضوع-مصطلح موضوعى
مصطلح موضوعي نظرية الانشاءات
650 04 - المدخل الاضافى بالموضوع-مصطلح موضوعى
مصطلح موضوعي المبانى
650 04 - المدخل الاضافى بالموضوع-مصطلح موضوعى
مصطلح موضوعي مواد البناء
650 04 - المدخل الاضافى بالموضوع-مصطلح موضوعى
مصطلح موضوعي العمارة
650 04 - المدخل الاضافى بالموضوع-مصطلح موضوعى
مصطلح موضوعي الرسم المعمارى
650 04 - المدخل الاضافى بالموضوع-مصطلح موضوعى
مصطلح موضوعي التصميمات المعمارية
650 04 - المدخل الاضافى بالموضوع-مصطلح موضوعى
مصطلح موضوعي مواصفات قياسية
650 04 - المدخل الاضافى بالموضوع-مصطلح موضوعى
مصطلح موضوعي المبانى الرياضية
942 ## - عناصر المدخل الإضافي( كوها)
مصدر التصنيف او مخطط الترفيف Dewey Decimal Classification
Koha [default] item type كتاب
260 ## - PUBLICATION, DISTRIBUTION, ETC. (IMPRINT)
-- [S.N] :
-- دار الراتب الجامعية
Holdings
حالة التراجع حالة الفقد حالة تلف ليس للاعارة المكان المؤقت الموقع الحالى تاريخ الاكتساب اجمالي اﻻعارات رقم الطلب الباركود تاريخ اخر مشاهدة تاريخ تفعيل السعر نوع وعاء كوها
        مكتبة القاهرة الكبرى مكتبة القاهرة الكبرى 03/26/2014   721\ن م 152577 03/26/2014 03/26/2014 كتاب
        مكتبة القاهرة الكبرى مكتبة القاهرة الكبرى 03/26/2014   721\ن م 152578 03/26/2014 03/26/2014 كتاب

Powered By

EGPV